00387nam a2200121Ia 4500100002600000942000700026654002300033245005000056260003000106546001200136999001700148952010000165 aWebster & Associates  cBK aWord for 6 windows aWord 6 for Windows : Visual quick guide bGalgotiaaNew Delhic1994 aENGLISH c22774d22774 001040708CRCaCRCEbCRCEd2023-03-17g126.00l0o p6529r2023-03-17v126.00w2023-03-17yBK